Statistics for Song titles by synonyms

Click here to take the quiz!

General Stats

  • This quiz has been taken 35 times
  • The average score is 16 of 33

Answer Stats

HintAnswer% Correct
It’s Pouring BlokesIt’s Raining Men
97%
Lavender DrizzlePurple Rain
76%
Escalier to ParadiseStairway to Heaven
76%
FetusBaby
73%
I Aspire to Jive with Some IndividualI Wanna Dance With Somebody
73%
Assassinating Me Tenderly (With His Anthem)Killing Me Softly With His Song
73%
Returned In EbonyBack In Black
70%
Don’t Agonize, Be JubilantDon't Worry, Be Happy
70%
I Shall PersevereI Will Survive
70%
Birthed Like ThisBorn This Way
67%
Reeks As Adolescent MoraleSmells Like Teen Spirit
64%
We Uncovered AttractionWe Found Love
64%
Adolescent Females Only Covet to Have FestivitiesGirls Just Wanna Have Fun
58%
Fancy Me as You DoLove Me Like You Do
58%
Sizzling and ArcticHot N' Cold
55%
I Desire to UnchainI Want To Break Free
55%
Arousing and I Fathom itSexy and I Know It
55%
Someone Additional Nibbles The FilthAnother One Bites The Dust
52%
Maneuvers Comparable to MickMoves Like Jagger
52%
I’m a Servant For YouI’m a Slave 4 U
42%
Batter ThatBeat It
39%
Passengers of the MonsoonRiders of the Storm
36%
Ambiguous BoundariesBlurred Lines
30%
Substance LassieMaterial Girl
27%
Twirl Under for HuhTurn Down for What
27%
Unsatisfactory DudeBad Guy
18%
Anytime, AnyplaceWhenever, Wherever
18%
Since I Got StonedBecause I Got High
15%
Tropical ThingsHot Stuff
12%
Zero Other MaterialsNothing Else Matters
12%
Conduct The EarthRun The World
12%
Initiated From The NethermostStarted From the Bottom
12%
Itsy Bitsy Cord Swim TrunksTeeny Weeny String Bikini
6%

Score Distribution

Percentile by Number Answered

Percent of People with Each Score

Your Score History

You have not taken this quiz